书目信息 |
| 题名: |
ABB工业机器人实操与应用技巧
|
|
| 作者: | ;工控帮教研组 编著 | |
| 分册: | ||
| 出版信息: | 北京 电子工业出版社 2019 |
|
| 页数: | 203页 | |
| 开本: | 26cm | |
| 丛书名: | 智能制造高技能人才培养规划丛书 | |
| 单 册: | ||
| 中图分类: | TP242.2 | |
| 科图分类: | ||
| 主题词: | 工业机器人--gong ye ji qi ren--程序设计 | |
| 电子资源: | ||
| ISBN: | 978-7-121-35877-7 | |
| 000 | 01079nam 2200265 450 | |
| 001 | 1955170510 | |
| 005 | 20190617154836.7 | |
| 010 | @a978-7-121-35877-7@dCNY 49.00 | |
| 099 | @aCAL 012019078191 | |
| 100 | @a20190617d2019 em y0chiy50 ea | |
| 101 | 0 | @achi |
| 102 | @aCN@b110000 | |
| 105 | @aak a 000yy | |
| 200 | 1 | @aABB工业机器人实操与应用技巧@AABB gong ye ji qi ren shi cao yu ying yong ji qiao@f工控帮教研组编著 |
| 210 | @a北京@c电子工业出版社@d2019 | |
| 215 | @a203页@c图@d26cm | |
| 225 | 2 | @a智能制造高技能人才培养规划丛书@Azhi neng zhi zao gao ji neng ren cai pei yang gui hua cong shu |
| 320 | @a有书目 | |
| 330 | @a本书结合编者多年的培训经验,以产品知识点为导向,条分缕析的梳理产品硬件知识和编程指令、编程技术,辅以实操案例和工程实践,非常有利于初学者和想要提高工业机器人操作能力和编程技能的读者学习。 | |
| 410 | 0 | @12001 @a智能制造高技能人才培养规划丛书 |
| 606 | 0 | @a工业机器人@Agong ye ji qi ren@x程序设计 |
| 690 | @aTP242.2@v5 | |
| 711 | 02 | @a工控帮教研组@Agong kong bang jiao yan zu@4编著 |
| 801 | 0 | @aCN@bNMU@c20190617 |
| 905 | @aBZT@dTP242.2@e13 | |
| ABB工业机器人实操与应用技巧/工控帮教研组编著.-北京:电子工业出版社,2019 |
| 203页:图;26cm.-(智能制造高技能人才培养规划丛书) |
| ISBN 978-7-121-35877-7:CNY 49.00 |
| 本书结合编者多年的培训经验,以产品知识点为导向,条分缕析的梳理产品硬件知识和编程指令、编程技术,辅以实操案例和工程实践,非常有利于初学者和想要提高工业机器人操作能力和编程技能的读者学习。 |
| ● |
| 相关链接 |
|
|
|
正题名:ABB工业机器人实操与应用技巧
索取号:TP242.2/13
 
预约/预借
| 序号 | 登录号 | 条形码 | 馆藏地/架位号 | 状态 | 备注 |
| 1 | 869068 | 2000869068 | 第二书库/ [索取号:TP242.2/13] | 在馆 | |
| 2 | 869069 | 2000869069 | 第二书库/ [索取号:TP242.2/13] | 在馆 | |
| 3 | 869070 | 2000869070 | 第二书库/ [索取号:TP242.2/13] | 在馆 |